[Event "Olomouc Chess Summer 2019 - Open Olomouc"]
[Site "Olomouc (CZE), Hotel Flora"]
[Date "2019.08.11"]
[Round "2"]
[Board "5"]
[White "VOLODIN, Viktor"]
[Black "BAUER, Jan"]
[Result "1-0"]
[WhiteElo "2168"]
[BlackElo "1960"]
[PlyCount "65"]
[EventDate "2019.08.10"]
[EventRounds "9"]
[EventCountry "CZE"]

1. Nf3 d5 2. d4 Bg4 3. c4 e6 4. Ne5 Bf5 5. Qb3 Nc6 6. Nxc6 bxc6 7. e3 Bxb1 8.
Rxb1 Rb8 9. Qa4 Bb4+ 10. Kd1 Kd7 11. c5 Nh6 12. Qc2 Qh4 13. h3 e5 14. a3 Bxa3
15. bxa3 Rxb1 16. Qxb1 exd4 17. Qc2 Rb8 18. Bd3 dxe3 19. Bxe3 Qf6 20. Bc1 Qd4
21. Re1 Rb5 22. Be3 Qa1+ 23. Kd2 Qxa3 24. Bxb5 Qb4+ 25. Ke2 Qxb5+ 26. Qd3 Qb2+
27. Kf1 Qf6 28. Bxh6 gxh6 29. Qxh7 Qf4 30. Qg8 Qc4+ 31. Kg1 Qxc5 32. Qe8+ Kd6
33. Qe7#  1-0

[Event "Olomouc Chess Summer 2019 - Open Olomouc"]
[Site "Olomouc (CZE), Hotel Flora"]
[Date "2019.08.11"]
[Round "2"]
[Board "6"]
[White "MOLNAR, Jiri"]
[Black "CHUDINOVSKIKH, Alexander M"]
[Result "0-1"]
[WhiteElo "1941"]
[BlackElo "2145"]
[PlyCount "42"]
[EventDate "2019.08.10"]
[EventRounds "9"]
[EventCountry "CZE"]

1. e4 g6 2. d4 Bg7 3. f4 d5 4. e5 h5 5. c4 c6 6. Nc3 Nh6 7. Nf3 dxc4 8. Bxc4
Bg4 9. d5 O-O 10. O-O cxd5 11. Nxd5 e6 12. Ne3 Qxd1 13. Nxd1 Nc6 14. Be3 Nf5
15. Bc5 Rfc8 16. Ba3 Bxf3 17. gxf3 Bh6 18. b3 Bxf4 19. Bb2 Bxe5 20. Bxe5 Nxe5
21. Rc1 b5  0-1

[Event "Olomouc Chess Summer 2019 - Open Olomouc"]
[Site "Olomouc (CZE), Hotel Flora"]
[Date "2019.08.11"]
[Round "2"]
[Board "7"]
[White "ZDRAZIL, Tomas"]
[Black "CERMAK, Jan"]
[Result "1-0"]
[WhiteElo "2142"]
[BlackElo "1912"]
[PlyCount "55"]
[EventDate "2019.08.10"]
[EventRounds "9"]
[EventCountry "CZE"]

1. e4 e5 2. Nf3 Nf6 3. Nxe5 d6 4. Nf3 Nxe4 5. d4 d5 6. Bd3 Be7 7. O-O O-O 8. c4
c6 9. Qc2 Nf6 10. b3 Bg4 11. Nbd2 Nbd7 12. Bb2 Re8 13. h3 Bh5 14. Ne5 Bd6 15.
f4 Bg6 16. f5 Bh5 17. g4 Nxe5 18. dxe5 Bc5+ 19. Kg2 Nxg4 20. hxg4 Qh4 21. Rf3
Bxg4 22. Rg3 h5 23. cxd5 Bb6 24. Rh1 Qg5 25. Ne4 Qf4 26. Rf1 Qh6 27. Nd6 Re7
28. Bc1  1-0

[Event "Olomouc Chess Summer 2019 - Open Olomouc"]
[Site "Olomouc (CZE), Hotel Flora"]
[Date "2019.08.11"]
[Round "2"]
[Board "8"]
[White "FISCHER, Erik"]
[Black "OCKAY, Tomas"]
[Result "1-0"]
[WhiteElo "1935"]
[BlackElo "2137"]
[PlyCount "111"]
[EventDate "2019.08.10"]
[EventRounds "9"]
[EventCountry "CZE"]

1. e4 c6 2. d4 d5 3. e5 Bf5 4. Nf3 e6 5. Be2 h6 6. O-O Nd7 7. Nbd2 g5 8. c4 Ne7
9. b3 Bg7 10. Bb2 O-O 11. h4 f6 12. hxg5 fxg5 13. Ba3 Rf7 14. Bxe7 Qxe7 15. c5
Nf8 16. Ne1 Bg6 17. g3 Nd7 18. Bd3 Bxd3 19. Nxd3 Rf5 20. Kg2 Nf8 21. Rh1 Ng6
22. Nf1 Qf8 23. Ne3 Rf7 24. Qh5 Ne7 25. Ng4 Nf5 26. Qg6 Kh8 27. Qxg5 Re8 28.
Nf4 Kh7 29. Qg6+ Kh8 30. Nh3 Ne7 31. Qxe6 Nf5 32. Qg6 Ne7 33. Qd3 Rf5 34. Nf4
Rxf4 35. gxf4 Qxf4 36. Qg3 Qe4+ 37. f3 Qc2+ 38. Qf2 Qg6 39. Qg3 Nf5 40. Qf4 Rf8
41. Kf2 Nh4 42. Qxf8+ Bxf8 43. Rxh4 Qg5 44. Kg3 Qd2 45. Nf6 Bg7 46. Rg4 b6 47.
cxb6 axb6 48. Rg1 Qe2 49. Rg2 Qe1+ 50. Kf4 Bxf6 51. Rg8+ Kh7 52. exf6 Qh4+ 53.
Ke5 Qe1+ 54. Kf5 Qb1+ 55. Ke6 Qe1+ 56. Kf7  1-0

[Event "Olomouc Chess Summer 2019 - Open Olomouc"]
[Site "Olomouc (CZE), Hotel Flora"]
[Date "2019.08.11"]
[Round "2"]
[Board "9"]
[White "CAGASIK, Tomas"]
[Black "HEYNE, Jan-Hendrik"]
[Result "1/2-1/2"]
[WhiteElo "2118"]
[BlackElo "1860"]
[PlyCount "112"]
[EventDate "2019.08.10"]
[EventRounds "9"]
[EventCountry "CZE"]

1. d4 d5 2. Bf4 Nf6 3. e3 c5 4. c3 Nc6 5. Nf3 Qb6 6. Qc1 Bf5 7. Nh4 Bd7 8. Bd3
Rc8 9. Nd2 Nh5 10. Be5 f6 11. Be2 fxe5 12. Bxh5+ g6 13. dxc5 Qxc5 14. Be2 Bg7
15. Nhf3 Qd6 16. Qd1 O-O 17. O-O Rcd8 18. Qb3 Na5 19. Qb4 Nc6 20. Qxd6 exd6 21.
Nb3 Ne7 22. Rfd1 Bc6 23. Na5 Nf5 24. Rd2 Bh6 25. Rc2 Kh8 26. a4 Rc8 27. Ne1 d4
28. Nxc6 Rxc6 29. cxd4 exd4 30. Rxc6 bxc6 31. g4 Ne7 32. exd4 Rb8 33. Ra2 Nd5
34. Bf3 Nb4 35. Ra3 Bg7 36. Rb3 Bxd4 37. Nc2 Bc5 38. Nxb4 Rxb4 39. Rxb4 Bxb4
40. Bxc6 Kg7 41. Kg2 Kf6 42. f4 h6 43. h4 g5 44. fxg5+ hxg5 45. h5 Kg7 46. Kf3
Kh6 47. Ke4 a5 48. Kf5 Bc5 49. b3 Bb4 50. Ke6 Bc5 51. Bd5 Bb4 52. Kd7 Bc5 53.
Kc6 Ba3 54. Kb5 Bb4 55. Kc4 Bc5 56. b4 Bxb4  1/2-1/2

[Event "Olomouc Chess Summer 2019 - Open Olomouc"]
[Site "Olomouc (CZE), Hotel Flora"]
[Date "2019.08.11"]
[Round "2"]
[Board "10"]
[White "CIBIKOVA, Sofia Anna"]
[Black "LYS, Josef"]
[Result "1/2-1/2"]
[WhiteElo "1909"]
[BlackElo "2115"]
[PlyCount "73"]
[EventDate "2019.08.10"]
[EventRounds "9"]
[EventCountry "CZE"]

1. e4 c5 2. Nc3 e6 3. d3 Nc6 4. g3 Be7 5. Bg2 Nf6 6. Nge2 O-O 7. O-O a6 8. d4
cxd4 9. Nxd4 Qc7 10. Be3 Na5 11. Qe2 Nc4 12. Bc1 d6 13. Re1 Bd7 14. Nd1 Rac8
15. c3 Rfe8 16. Ne3 Bf8 17. Nxc4 Qxc4 18. Qxc4 Rxc4 19. Bg5 Ng4 20. Rad1 b5 21.
a3 Rb8 22. h3 Ne5 23. Bf4 Ng6 24. Be3 Rc7 25. f4 e5 26. Nf3 exf4 27. gxf4 a5
28. Rd4 f5 29. exf5 Bxf5 30. Ng5 h6 31. Bd5+ Kh8 32. Ne6 Re7 33. Nxf8 Rxf8 34.
Bg2 Rfe8 35. Kf2 Nh4 36. Bc6 Rf8 37. Kg3  1/2-1/2

[Event "Olomouc Chess Summer 2019 - Open Olomouc"]
[Site "Olomouc (CZE), Hotel Flora"]
[Date "2019.08.11"]
[Round "3"]
[Board "1"]
[White "SRINIVASA RAO, M."]
[Black "DAMBRAUSKAS, Virginijus"]
[Result "1/2-1/2"]
[WhiteElo "2090"]
[BlackElo "2253"]
[PlyCount "157"]
[EventDate "2019.08.10"]
[EventRounds "9"]
[EventCountry "CZE"]

1. c4 e6 2. Nf3 d5 3. d4 c6 4. Qc2 Bd6 5. g3 Nf6 6. Nbd2 O-O 7. Bg2 Nbd7 8. O-O
b6 9. e4 dxe4 10. Nxe4 Nxe4 11. Qxe4 Bb7 12. Rd1 Qc7 13. Qe2 Rfe8 14. Ng5 Nf6
15. Ne4 Nxe4 16. Bxe4 c5 17. Bxb7 Qxb7 18. Be3 Rad8 19. b3 cxd4 20. Bxd4 e5 21.
Be3 Be7 22. Rxd8 Rxd8 23. Rd1 Rxd1+ 24. Qxd1 f5 25. Qd3 g6 26. a4 Kf7 27. h4
Ke6 28. Kf1 Qd7 29. Qxd7+ Kxd7 30. a5 Kc6 31. axb6 axb6 32. Ke2 b5 33. Kd3 Bf6
34. f3 Be7 35. Bf2 h5 36. Be3 Bb4 37. Bf2 Bd6 38. Be3 Ba3 39. Bf2 Bc1 40. Be1
Bh6 41. Bc3 bxc4+ 42. bxc4 Kd6 43. Bb4+ Ke6 44. Bc5 Bg7 45. Bf2 Bf8 46. Bb6 Bb4
47. Ke2 Kd6 48. Bf2 Kc6 49. Kd3 Ba5 50. Ke2 Bc3 51. Kd3 Bb4 52. Ke2 Bc5 53. Be1
Bd4 54. Bb4 Kd7 55. Be1 Kd6 56. Bb4+ Kc6 57. Bf8 Bc5 58. Bh6 Kb6 59. Bd2 Bd6
60. Kd3 Kc6 61. Be1 Bc5 62. Ke2 Kd6 63. Bd2 Bd4 64. Bb4+ Ke6 65. Be1 Kf6 66.
Kd3 Bc5 67. Ke2 Ke6 68. Kd3 Bg1 69. Ke2 Bd4 70. Kd3 Bb2 71. Bb4 Kd7 72. Bc3
Bxc3 73. Kxc3 Ke6 74. Kb4 e4 75. fxe4 fxe4 76. Kc3 Ke5 77. c5 Kd5 78. c6 Kxc6
79. Kd4  1/2-1/2

[Event "Olomouc Chess Summer 2019 - Open Olomouc"]
[Site "Olomouc (CZE), Hotel Flora"]
[Date "2019.08.11"]
[Round "3"]
[Board "2"]
[White "HAUGLI, Petter"]
[Black "ZDRAZIL, Tomas"]
[Result "1-0"]
[WhiteElo "2224"]
[BlackElo "2142"]
[PlyCount "67"]
[EventDate "2019.08.10"]
[EventRounds "9"]
[EventCountry "CZE"]

1. c4 Nf6 2. Nc3 g6 3. e4 d6 4. d4 Bg7 5. Be2 O-O 6. Bg5 Na6 7. Qd2 c6 8. Nf3
Qc7 9. O-O e5 10. d5 Nc5 11. Qc2 h6 12. Bd2 a5 13. Ne1 Bd7 14. Rc1 Kh7 15. f3
h5 16. Nd3 Nxd3 17. Qxd3 c5 18. Bd1 Bh6 19. Bxh6 Kxh6 20. Ba4 Bc8 21. Rce1 Qe7
22. Bb5 h4 23. Ne2 g5 24. g3 hxg3 25. hxg3 Nh5 26. Kg2 f5 27. Rh1 fxe4 28. Qxe4
Bf5 29. Rxh5+ Kxh5 30. g4+ Kg6 31. gxf5+ Kf6 32. Ng3 g4 33. Nh5+ Kf7 34. f6  1-0

[Event "Olomouc Chess Summer 2019 - Open Olomouc"]
[Site "Olomouc (CZE), Hotel Flora"]
[Date "2019.08.11"]
[Round "3"]
[Board "3"]
[White "ZAEHRINGER, Daniel"]
[Black "PTACNIKOVA, Lenka"]
[Result "1/2-1/2"]
[WhiteElo "2176"]
[BlackElo "2089"]
[PlyCount "45"]
[EventDate "2019.08.10"]
[EventRounds "9"]
[EventCountry "CZE"]

1. d4 Nf6 2. c4 e6 3. Nc3 Bb4 4. Qc2 O-O 5. Nf3 d6 6. Bd2 b6 7. e3 Bb7 8. Bd3
Nbd7 9. a3 Bxc3 10. Bxc3 Qe7 11. b3 e5 12. Be2 Ne4 13. Bb2 f5 14. O-O Rf6 15.
dxe5 dxe5 16. Rad1 Re8 17. b4 c5 18. Rd3 Nd6 19. Rd2 Ne4 20. Rd3 Nd6 21. Rd2
Ne4 22. Rd3 Nd6 23. Rd2  1/2-1/2

[Event "Olomouc Chess Summer 2019 - Open Olomouc"]
[Site "Olomouc (CZE), Hotel Flora"]
[Date "2019.08.11"]
[Round "3"]
[Board "4"]
[White "HEYNE, Lukas"]
[Black "VOLODIN, Viktor"]
[Result "0-1"]
[WhiteElo "2084"]
[BlackElo "2168"]
[PlyCount "122"]
[EventDate "2019.08.10"]
[EventRounds "9"]
[EventCountry "CZE"]

1. e4 c5 2. Nf3 Nc6 3. d4 cxd4 4. Nxd4 Nf6 5. Nc3 e5 6. Ndb5 d6 7. Bg5 a6 8.
Na3 b5 9. Nd5 Be7 10. Bxf6 Bxf6 11. c3 Bb7 12. Nc2 Bg5 13. g3 O-O 14. Bg2 Ne7
15. h4 Bh6 16. Nce3 Bxe3 17. Nxe3 f5 18. exf5 Bxg2 19. Nxg2 Nxf5 20. Qd5+ Kh8
21. O-O Qb6 22. Kh2 Rae8 23. Qe4 a5 24. Ne3 Ne7 25. Kg2 d5 26. Nxd5 Qc6 27.
Rad1 Rd8 28. c4 bxc4 29. Nc3 Rd4 30. Qxc6 Nxc6 31. Nb5 Rd3 32. Nd6 Rd4 33. Rxd4
exd4 34. Nxc4 Re8 35. Kf3 Kg8 36. Rd1 Rf8+ 37. Ke2 Re8+ 38. Kd2 Rc8 39. b3 a4
40. Nb6 Rf8 41. bxa4 Rxf2+ 42. Kd3 Rxa2 43. Rc1 Ra3+ 44. Ke4 Re3+ 45. Kd5 Nb4+
46. Kxd4 Rxg3 47. Rc8+ Kf7 48. Kc5 Nd3+ 49. Kb5 Rg4 50. a5 Rb4+ 51. Kc6 Rxh4
52. Kb7 Nb4 53. Rc4 Rxc4 54. Nxc4 h5 55. Ne5+ Kf6 56. Nf3 g5 57. Kb6 g4 58. Nh4
Kg5 59. Kb5 Nd5 60. Kc6 Kxh4 61. a6 Nb4+  0-1

[Event "Olomouc Chess Summer 2019 - Open Olomouc"]
[Site "Olomouc (CZE), Hotel Flora"]
[Date "2019.08.11"]
[Round "3"]
[Board "5"]
[White "CHUDINOVSKIKH, Alexander M"]
[Black "FISCHER, Erik"]
[Result "1-0"]
[WhiteElo "2145"]
[BlackElo "1935"]
[PlyCount "47"]
[EventDate "2019.08.10"]
[EventRounds "9"]
[EventCountry "CZE"]

1. e4 c5 2. Nf3 e6 3. d4 cxd4 4. Nxd4 Nc6 5. Nb5 d6 6. c4 Nf6 7. N1c3 Be7 8.
Bf4 e5 9. Bg5 a6 10. Bxf6 gxf6 11. Na3 Be6 12. Nc2 Rc8 13. Be2 Na5 14. Ne3 Nxc4
15. Nxc4 Bxc4 16. Bxc4 Rxc4 17. Qb3 Qc8 18. O-O Rg8 19. f3 b5 20. Kh1 Qc5 21.
Rad1 f5 22. exf5 Rh4 23. Ne4 Qb6 24. Qd5  1-0

[Event "Olomouc Chess Summer 2019 - Open Olomouc"]
[Site "Olomouc (CZE), Hotel Flora"]
[Date "2019.08.11"]
[Round "3"]
[Board "6"]
[White "GEWENIGER, Tim"]
[Black "CAGASIK, Tomas"]
[Result "0-1"]
[WhiteElo "1974"]
[BlackElo "2118"]
[PlyCount "69"]
[EventDate "2019.08.10"]
[EventRounds "9"]
[EventCountry "CZE"]

1. d4 d5 2. c4 e5 3. dxe5 dxc4 4. Qxd8+ Kxd8 5. Nf3 Nc6 6. Bf4 Rb8 7. Nc3 Bb4
8. O-O-O+ Bd7 9. Ng5 Ke8 10. Nxf7 Kxf7 11. Rxd7+ Nge7 12. e3 Bxc3 13. bxc3 b5
14. Be2 Rbc8 15. Rhd1 Nb8 16. e6+ Kxe6 17. Bg4+ Kf7 18. R7d2 Na6 19. Bxc8 Rxc8
20. Rd8 Ke6 21. Rxc8 Nxc8 22. Rd8 Nb6 23. a3 Nd5 24. Kc2 Nc5 25. Ra8 Na4 26.
Rxa7 Naxc3 27. Rb7 c5 28. f3 b4 29. axb4 cxb4 30. Rxb4 Nxb4+ 31. Kxc3 Nd3 32.
Kxc4 Ne1 33. Bg3 Nxg2 34. Kd3 h5 35. h3  0-1

[Event "Olomouc Chess Summer 2019 - Open Olomouc"]
[Site "Olomouc (CZE), Hotel Flora"]
[Date "2019.08.11"]
[Round "3"]
[Board "7"]
[White "LYS, Josef"]
[Black "BURITA, Dobroslav"]
[Result "1-0"]
[WhiteElo "2115"]
[BlackElo "1614"]
[PlyCount "149"]
[EventDate "2019.08.10"]
[EventRounds "9"]
[EventCountry "CZE"]

1. d4 Nf6 2. c4 d5 3. cxd5 Nxd5 4. e4 Nf6 5. Nc3 e6 6. Nf3 Be7 7. Bc4 O-O 8.
Bg5 c6 9. O-O Nbd7 10. Qe2 Nb6 11. Bd3 h6 12. Bh4 Nh7 13. Bg3 Ng5 14. Nxg5 Bxg5
15. f4 Be7 16. Bf2 Bd7 17. Rae1 Rc8 18. Qh5 Be8 19. Qa5 a6 20. Be3 Nd7 21. Qh5
Nf6 22. Qf3 c5 23. d5 c4 24. Bc2 b5 25. dxe6 fxe6 26. Rd1 Qc7 27. e5 Bh5 28.
Qh3 Bg4 29. Qg3 Bxd1 30. exf6 Bxf6 31. Rxd1 Rfd8 32. Qg4 Rxd1+ 33. Nxd1 Qd6 34.
f5 Re8 35. Qg6 Qd8 36. h3 exf5 37. Qxf5 Bd4 38. Qh7+ Kf8 39. Qf5+ Kg8 40. Qh7+
Kf8 41. Qf5+ Kg8 42. Be4 Bxe3+ 43. Nxe3 Qd4 44. Qd5+ Qxd5 45. Bxd5+ Kf8 46. Kf2
Rd8 47. Ke2 Ke7 48. Bb7 Kd6 49. Bxa6 Kc5 50. Bb7 b4 51. Ba6 c3 52. bxc3 bxc3
53. Bd3 Re8 54. Bg6 Re6 55. Bf5 Rd6 56. Nc2 Rd2+ 57. Kf3 Rd6 58. Ke3 Ra6 59.
Kd3 Rxa2 60. Kxc3 Kd6 61. Kd4 Ra4+ 62. Ke3 Ke5 63. Bd3 g5 64. Ne1 Kf6 65. Be4
Ke5 66. Nf3+ Kf6 67. Nh2 h5 68. Nf1 Ra3+ 69. Bd3 Ra2 70. Nd2 g4 71. h4 Ra1 72.
Ne4+ Ke5 73. Ng3 Ra2 74. Be2 Ra3+ 75. Kf2  1-0

[Event "Olomouc Chess Summer 2019 - Open Olomouc"]
[Site "Olomouc (CZE), Hotel Flora"]
[Date "2019.08.11"]
[Round "3"]
[Board "8"]
[White "SVOBODOVA, Michaela"]
[Black "NAVRATIL, Jiri jun."]
[Result "1-0"]
[WhiteElo "2055"]
[BlackElo "2080"]
[PlyCount "93"]
[EventDate "2019.08.10"]
[EventRounds "9"]
[EventCountry "CZE"]

1. e4 c5 2. Nf3 d6 3. d4 cxd4 4. Qxd4 Nc6 5. Bb5 Bd7 6. Bxc6 Bxc6 7. Nc3 Nf6 8.
Bg5 e6 9. O-O-O Be7 10. Qd3 Qa5 11. h4 a6 12. Nd4 Bd7 13. f4 b5 14. Kb1 b4 15.
Nce2 Bb5 16. Qf3 Bc4 17. Nc1 Qb6 18. f5 e5 19. Bxf6 gxf6 20. Ndb3 a5 21. Nd2
Bb5 22. Nf1 a4 23. Ne3 b3 24. cxb3 axb3 25. Nxb3 Qa6 26. Nc1 Kd7 27. Nd5 Bc4
28. a3 Rhb8 29. Rh3 Qb7 30. Qc3 Ra4 31. Qc2 Rba8 32. Na2 Bxd5 33. Rxd5 Rxa3 34.
Rxa3 Rxa3 35. Nc3 Ra6 36. Rb5 Qa7 37. Qd2 Ra1+ 38. Kc2 Rf1 39. Qd5 Rf2+ 40. Kb3
Qa1 41. Rb7+ Ke8 42. Rb8+ Bd8 43. Rxd8+ Kxd8 44. Qxd6+ Ke8 45. Qc6+ Kf8 46.
Qc5+ Kg7 47. Qxf2  1-0

[Event "Olomouc Chess Summer 2019 - Open Olomouc"]
[Site "Olomouc (CZE), Hotel Flora"]
[Date "2019.08.11"]
[Round "3"]
[Board "9"]
[White "KALINOWSKA, Zuzanna"]
[Black "CIBIKOVA, Sofia Anna"]
[Result "1/2-1/2"]
[WhiteElo "2079"]
[BlackElo "1909"]
[PlyCount "40"]
[EventDate "2019.08.10"]
[EventRounds "9"]
[EventCountry "CZE"]

1. d4 d5 2. c4 c6 3. e3 Bf5 4. Nf3 e6 5. Nc3 Bd6 6. Be2 Nf6 7. O-O Nbd7 8. b3
Rc8 9. Bb2 O-O 10. Re1 Ne4 11. Nxe4 dxe4 12. Ne5 Qc7 13. f4 exf3 14. Nxf3 Be4
15. h3 Nf6 16. Rf1 Qe7 17. Nd2 Bg6 18. Bf3 Bd3 19. Be2 Bg6 20. Bf3 Bd3  1/2-1/2

[Event "Olomouc Chess Summer 2019 - Open Olomouc"]
[Site "Olomouc (CZE), Hotel Flora"]
[Date "2019.08.11"]
[Round "3"]
[Board "10"]
[White "HEYNE, Jan-Hendrik"]
[Black "BEDNAR, Jan"]
[Result "1-0"]
[WhiteElo "1860"]
[BlackElo "2066"]
[PlyCount "107"]
[EventDate "2019.08.10"]
[EventRounds "9"]
[EventCountry "CZE"]

1. d4 Nf6 2. c4 e6 3. Nf3 b6 4. g3 Ba6 5. b3 Bb4+ 6. Bd2 Be7 7. Bg2 c6 8. O-O
O-O 9. Qc2 d5 10. Re1 Nbd7 11. Bf4 Rc8 12. Nbd2 c5 13. dxc5 Bxc5 14. Bg5 h6 15.
Bxf6 Nxf6 16. Rad1 Qe7 17. Ne5 Qc7 18. Qb2 Bd6 19. Ndf3 dxc4 20. bxc4 Rfd8 21.
Rc1 Ne4 22. Nd3 Be7 23. Nfe5 Bb7 24. Qc2 Nc5 25. Bxb7 Nxb7 26. Red1 Bd6 27. Nf3
Na5 28. Qa4 Bc5 29. Nd2 Be7 30. Nb3 Nc6 31. c5 bxc5 32. Ndxc5 Qb6 33. Rxd8+
Rxd8 34. Nxe6 fxe6 35. Qxc6 Rd1+ 36. Kg2 Rxc1 37. Qxc1 a5 38. Qc4 Kf7 39. Qg4
Bf6 40. Qh5+ Ke7 41. Qxa5 Qc6+ 42. Kg1 Qe4 43. Qc7+ Ke8 44. Qc8+ Ke7 45. Qd7+
Kf8 46. Nc5 Qb1+ 47. Kg2 Qxa2 48. Nxe6+ Kg8 49. Qe8+ Kh7 50. Nf8+ Kg8 51. Nd7+
Kh7 52. Qe4+ Kh8 53. Nxf6 gxf6 54. h4  1-0

[Event "Olomouc Chess Summer 2019 - Open Olomouc"]
[Site "Olomouc (CZE), Hotel Flora"]
[Date "2019.08.12"]
[Round "4"]
[Board "1"]
[White "VOLODIN, Viktor"]
[Black "HAUGLI, Petter"]
[Result "0-1"]
[WhiteElo "2168"]
[BlackElo "2224"]
[PlyCount "76"]
[EventDate "2019.08.10"]
[EventRounds "9"]
[EventCountry "CZE"]

1. Nf3 Nf6 2. c4 g6 3. d4 Bg7 4. g3 O-O 5. Bg2 d6 6. O-O Bf5 7. Nc3 Ne4 8. Bd2
c5 9. Nxe4 Bxe4 10. Bc3 Nc6 11. e3 cxd4 12. exd4 d5 13. c5 b6 14. b4 bxc5 15.
bxc5 Qc7 16. Qd2 Rab8 17. Rfd1 Rb7 18. Qe3 e6 19. Ne5 Nxe5 20. dxe5 Bxg2 21.
Kxg2 Rfb8 22. Rac1 Qc6 23. Bd4 h5 24. h3 Rb4 25. g4 hxg4 26. hxg4 R8b5 27. Rh1
Ra4 28. Rh4 Rbb4 29. g5 Rxa2 30. Rch1 Qb5 31. Qh3 Kf8 32. Rh8+ Ke7 33. Rh7 Rxd4
34. Qf3 Rd3 35. Qf4 Ra4 36. Rb1 Rb3 37. Rxb3 Qxb3 38. Qh2 Rg4+  0-1

[Event "Olomouc Chess Summer 2019 - Open Olomouc"]
[Site "Olomouc (CZE), Hotel Flora"]
[Date "2019.08.12"]
[Round "4"]
[Board "2"]
[White "DAMBRAUSKAS, Virginijus"]
[Black "CHUDINOVSKIKH, Alexander M"]
[Result "1/2-1/2"]
[WhiteElo "2253"]
[BlackElo "2145"]
[PlyCount "74"]
[EventDate "2019.08.10"]
[EventRounds "9"]
[EventCountry "CZE"]

1. d4 Nf6 2. c4 e6 3. Nf3 c5 4. g3 cxd4 5. Nxd4 d5 6. Bg2 e5 7. Nf3 d4 8. O-O
Nc6 9. e3 Bc5 10. exd4 exd4 11. Nbd2 O-O 12. Nb3 Qb6 13. Nxc5 Qxc5 14. b3 Bf5
15. Bb2 Rad8 16. Nh4 Bg4 17. Qc1 Rfe8 18. Re1 Rxe1+ 19. Qxe1 Re8 20. Qc1 Re2
21. Ba3 Qa5 22. b4 Nxb4 23. Bxb4 Qxb4 24. Rb1 Qe7 25. Bf1 Re5 26. Qb2 b6 27.
Qxd4 g6 28. Ng2 Qc5 29. Qd8+ Kg7 30. Rb5 Qe7 31. Qd4 Re4 32. Qc3 Bd7 33. Rb2
Qe5 34. Qxe5 Rxe5 35. Ne3 Ra5 36. Bg2 Be6 37. Kf1 Ra4  1/2-1/2

[Event "Olomouc Chess Summer 2019 - Open Olomouc"]
[Site "Olomouc (CZE), Hotel Flora"]
[Date "2019.08.12"]
[Round "4"]
[Board "3"]
[White "SRINIVASA RAO, M."]
[Black "ZAEHRINGER, Daniel"]
[Result "1/2-1/2"]
[WhiteElo "2090"]
[BlackElo "2176"]
[PlyCount "52"]
[EventDate "2019.08.10"]
[EventRounds "9"]
[EventCountry "CZE"]

1. c4 e6 2. Nf3 d5 3. d4 Nf6 4. g3 Be7 5. Bg2 O-O 6. O-O dxc4 7. Qc2 a6 8. Qxc4
b5 9. Qc2 Bb7 10. Bg5 Nbd7 11. Bxf6 Nxf6 12. Nbd2 Rc8 13. Nb3 c5 14. dxc5 Ne4
15. Rfd1 Qc7 16. c6 Qxc6 17. Qxc6 Bxc6 18. Ne5 Bd5 19. Nd7 Rfe8 20. Nb6 Rc2 21.
Nxd5 exd5 22. Rxd5 Nf6 23. Re5 Bf8 24. Rxe8 Nxe8 25. Bb7 Nd6 26. Bd5 Rxb2
 1/2-1/2

[Event "Olomouc Chess Summer 2019 - Open Olomouc"]
[Site "Olomouc (CZE), Hotel Flora"]
[Date "2019.08.12"]
[Round "4"]
[Board "4"]
[White "CAGASIK, Tomas"]
[Black "SVOBODOVA, Michaela"]
[Result "1/2-1/2"]
[WhiteElo "2118"]
[BlackElo "2055"]
[PlyCount "95"]
[EventDate "2019.08.10"]
[EventRounds "9"]
[EventCountry "CZE"]

1. d4 d5 2. Bf4 Nf6 3. e3 c5 4. c3 Nc6 5. Nd2 Qb6 6. Qb3 c4 7. Qxb6 axb6 8. e4
e6 9. Bg5 b5 10. Bxf6 gxf6 11. g3 dxe4 12. Nxe4 f5 13. Nd2 Bd7 14. Bg2 h5 15.
Ngf3 Bd6 16. Ke2 Ne7 17. Ne5 Bxe5 18. dxe5 Bc6 19. Bxc6+ bxc6 20. a4 Kd7 21.
Ra3 h4 22. Rha1 hxg3 23. hxg3 Ng6 24. axb5 Rxa3 25. bxc6+ Kxc6 26. Rxa3 Nxe5
27. Ra4 Kd5 28. Ra5+ Kd6 29. f4 Rh2+ 30. Kd1 Nd3 31. Nxc4+ Kc6 32. b4 Rg2 33.
Ne5+ Nxe5 34. fxe5 Rxg3 35. c4 Re3 36. Kd2 f4 37. Ra7 Rxe5 38. Rxf7 Re4 39. Kd3
Re3+ 40. Kd2 e5 41. Rf6+ Kc7 42. b5 Rb3 43. Re6 Re3 44. c5 e4 45. b6+ Kb7 46.
Re7+ Kc6 47. b7 Rb3 48. Rxe4  1/2-1/2

[Event "Olomouc Chess Summer 2019 - Open Olomouc"]
[Site "Olomouc (CZE), Hotel Flora"]
[Date "2019.08.12"]
[Round "4"]
[Board "5"]
[White "PTACNIKOVA, Lenka"]
[Black "LYS, Josef"]
[Result "0-1"]
[WhiteElo "2089"]
[BlackElo "2115"]
[PlyCount "82"]
[EventDate "2019.08.10"]
[EventRounds "9"]
[EventCountry "CZE"]

1. c4 c6 2. e4 d5 3. exd5 cxd5 4. d4 Nf6 5. Nc3 e6 6. Nf3 Be7 7. Bd3 O-O 8. O-O
Nc6 9. Bg5 Nb4 10. Be2 dxc4 11. Bxc4 b6 12. a3 Nbd5 13. Nxd5 exd5 14. Bd3 Bg4
15. Re1 h6 16. Bd2 Bd6 17. h3 Bh5 18. g4 Bg6 19. Bxg6 fxg6 20. Ne5 Ne4 21. Re2
Qh4 22. Be1 Ng5 23. f3 Qxh3 24. Rh2 Nxf3+ 25. Nxf3 Qxf3 26. Rf2 Qxd1 27. Rxd1
Rxf2 28. Bxf2 Rc8 29. Rd2 Bf4 30. Re2 Kf7 31. Kg2 g5 32. Bg3 Rc4 33. Bf2 a5 34.
Kf3 Rc1 35. Be3 Rd1 36. Rc2 Rd3 37. Re2 a4 38. Kf2 Rxe3 39. Rxe3 Bxe3+ 40. Kxe3
g6 41. Kf3 h5  0-1

[Event "Olomouc Chess Summer 2019 - Open Olomouc"]
[Site "Olomouc (CZE), Hotel Flora"]
[Date "2019.08.12"]
[Round "4"]
[Board "6"]
[White "HOERR, Matthias"]
[Black "HEYNE, Jan-Hendrik"]
[Result "1-0"]
[WhiteElo "2193"]
[BlackElo "1860"]
[PlyCount "103"]
[EventDate "2019.08.10"]
[EventRounds "9"]
[EventCountry "CZE"]

1. c4 Nf6 2. g3 e6 3. Bg2 d5 4. Nf3 Be7 5. b3 b6 6. O-O O-O 7. e3 c5 8. Bb2 Bb7
9. Qe2 Nbd7 10. Rd1 Qc7 11. cxd5 Nxd5 12. d4 Rac8 13. Nbd2 cxd4 14. Nxd4 Nc3
15. Bxc3 Bxg2 16. Nb5 Qb7 17. e4 a6 18. Kxg2 axb5 19. Bd4 Bf6 20. Bxf6 Nxf6 21.
Rac1 Rxc1 22. Rxc1 Rd8 23. Rc2 h6 24. f3 Qd7 25. Nf1 Ra8 26. Rd2 Qc6 27. Rc2
Qd7 28. Ne3 Qd4 29. Rd2 Qc5 30. Rc2 Qd4 31. Rd2 Qc5 32. Qd3 Qb4 33. Nc2 Qc5 34.
Ne3 Qb4 35. Kf2 Qc5 36. Rc2 Qe5 37. Nd1 h5 38. Kg2 h4 39. Nf2 g5 40. Qd2 hxg3
41. Nd3 Qd4 42. Qxg5+ Kf8 43. Qxb5 gxh2 44. Qb4+ Qxb4 45. Nxb4 Ke7 46. Kxh2 Rg8
47. Nc6+ Ke8 48. Nd4 Kd7 49. Nb5 Ne8 50. a4 Rg5 51. b4 Ke7 52. Rc6  1-0

[Event "Olomouc Chess Summer 2019 - Open Olomouc"]
[Site "Olomouc (CZE), Hotel Flora"]
[Date "2019.08.12"]
[Round "4"]
[Board "7"]
[White "ZDRAZIL, Tomas"]
[Black "BROUSEK, Jiri"]
[Result "1/2-1/2"]
[WhiteElo "2142"]
[BlackElo "1821"]
[PlyCount "84"]
[EventDate "2019.08.10"]
[EventRounds "9"]
[EventCountry "CZE"]

1. e4 e6 2. d4 d5 3. Nd2 Nf6 4. e5 Nfd7 5. Bd3 c5 6. c3 Nc6 7. Ne2 Qb6 8. Nf3
cxd4 9. cxd4 f6 10. exf6 Nxf6 11. O-O Bd6 12. Bf4 Bxf4 13. Nxf4 O-O 14. Re1
Qxb2 15. g3 Qa3 16. h4 Qd6 17. Ng5 e5 18. dxe5 Nxe5 19. Nxh7 Nxd3 20. Nxf6+
Qxf6 21. Qxd3 d4 22. Rad1 Rd8 23. Qc4+ Kh7 24. Nd5 Qf7 25. Rxd4 Be6 26. Qd3+
Kh8 27. Nf4 Rxd4 28. Qxd4 Bxa2 29. Re7 Qf6 30. Qxf6 gxf6 31. Rxb7 a5 32. Nh5
Ra6 33. g4 a4 34. g5 fxg5 35. hxg5 Kg8 36. Nf6+ Kf8 37. Nd7+ Kg8 38. Nf6+ Kf8
39. Nd7+ Kg8 40. Nc5 Ra5 41. Rb2 Rxc5 42. Rxa2 Rxg5+  1/2-1/2